Joueurs de tennis vainqueurs de mini 10 tournois mais 0 GC depuis 1990 - Statistiques

Statistiques générales
  • Ce quiz a été pris 151 fois
    23 depuis la dernière actualisation
  • Le résultat moyen est 18 sur 41
Statistiques - réponses
Pays Nb de titres ATP depuis 1990 (avant 1990 compris) Année du dernier titre ATP Joueur % Correct
France 13 2025 Gael MONFILS
100%
France 18 2019 Jo Wilfried TSONGA
94%
France 16 2023 Richard GASQUET
94%
Espagne 27 2017 David FERRER
88%
Allemagne 24 2025 Alexander ZVEREV
82%
Russie 16 2024 Andrei RUBLEV
82%
France 14 2018 Gilles SIMON
76%
Etats Unis 16 2021 John ISNER
76%
République tchèque 12 2016 Tomas BERDYCH
76%
Norvège 14 2025 Casper RUUD
71%
Russie 21 2011 Nikolay DAVYDENKO
71%
Grèce 12 2024 Stefanos TSITSIPAS
71%
Japon 12 2018 Kei NISHIKORI
65%
Etats Unis 10 2025 Taylor FRITZ
65%
Chili 17 2001 Marcelo RIOS
53%
Australie 10 2025 Alex DE MINAUR
47%
Espagne 12 2024 Roberto BAUTISTA AGUT
47%
Ukraine 11 1997 Andrei MEDVEDEV
41%
Suede 10 2011 Robin SODERLING
41%
Allemagne 15 2013 Tommy HAAS
41%
Espagne 17 2002 Alex CORRETJA
35%
Argentine 11 2010 David NALBANDIAN
35%
Suede 12 2000 Magnus NORMAN
35%
Suisse 14 2000 Marc ROSSET
35%
Italie 10 2024 Matteo BERRETTINI
35%
Chili 11 2009 Fernando GONZALEZ
24%
Canada / Grande Bretagne 14 2005 Greg RUSEDSKI
24%
Etats Unis 10 2007 James BLAKE
24%
Australie 11 2006 Mark PHILIPPOUSSIS
24%
Espagne 13 2016 Nicolas ALMAGRO
24%
Suede 19 2002 Thomas ENQVIST
24%
Espagne 12 2013 Tommy ROBREDO
24%
Afrique du sud 15 2003 Wayne FERREIRA
24%
Suede 14 2000 Magnus GUSTAFSSON
18%
Etats Unis 10 2017 Sam QUERREY
18%
Grande Bretagne 11 2003 Tim HENMAN
18%
Espagne 14 1998 Alberto BERASATEGUI
12%
Croatie 10 2010 Ivan LJUBICIC
12%
Espagne 10 2003 Felix MANTILLA
6%
République tchèque 11 (13) 1994 Karel NOVACEK
6%
Russie 10 2013 Mikhail YOUZHNY
6%
Aucun quiz correspondant
Distribution des résultats
% des personnes avec chaque résultat
Percentile par nombre de réponses
Votre historique - résultats
Vous n’avez pas pris ce quiz depuis la dernière actualisation